02028agaaa2200349 45000010005000000030009000050050017000140070009000310080040000400400023000800410013001031000054001161300044001702450216002142500022004302600115004523000033005675080203006005110072008035200100008755380016009755460013009916500063010047000062010677000072011297000066012017000070012677000071013379420012014089990019014209520239014390719IT-RoPAU20220918181224.0d cvaizq50131s9999||||xx ||| | || ||und|| aIT-RoPAUcIT-RoPAU aITALIANO aFrazzi AntoniogCodice regista SPICS: 6436937122 aDON MILANI IL PRIORE DI BARBIANA937078 aDON MILANI IL PRIORE DI BARBIANAcProdotto da: Cope Cecilia -- Sceneggiatura: Petraglia Sandro Rulli Stefano -- Diretto da: Frazzi AntoniopDON MILANI IL PRIORE DI BARBIANA (Rif. Codice opera principale : F0719) aEdizione Standard a(ITALIA)bRAI CINEMAFICTION - HILAND / Distribuzione: RAI DUEg"1998 (1° ed.: 1998 ; Ed. Lingua Orig.: 1998)" aVHSbsonoro, col.c90 minuti a"Fotografia: Lecca Franco; Montaggio: Cutry Claudio; Musica: Bacalov Luis; Sceneggiatura: Petraglia Sandro Rulli Stefano; Scenografia: Narducci Maurizia; Soggetto: Petraglia Sandro -- Rulli Stefano" a"Castellitto Sergio; Occhini Ilaria; Citran Roberto; Paglia Arturo" aPUR TRA MILLE DIFFICOLTA', LA SCUOLA POPOLARE DI BARBIANA SI SEGNALA PER LE NOVITA' DIDATTICHE. aPAL, STEREO aITALIANO aDRAMMATICOeFILMS [VHS]xCodice MATERIA SPICS: 9960934083 aBacalov Luise(musica)gCodice Musica SPICS: 21505937123 aFrazzi Andreae(regista)gCodice secondo regista SPICS: 6437937124 aFrazzi Antonio e(regista)gCodice regista SPICS: 6436937125 aPetraglia Sandro e(soggetto)gCodice Soggetto SPICS: 2658937126 aRulli Stefano e(soggetto)gCodice Soggetto 2° SPICS: 1777937127 cVH2ddc c104686d104686 0010406F_0719_00000000000000071aSPICSbSPICSd2015-01-31l0oF0719r2015-01-31 00:00:00w2015-01-31yVHzProgr. Ins.: 824 / N.Vol.:1 / Copie: 1 / Pag.: / Copia rara: n.d. / date import: 1.2.2015 / By Epidotti, Trombetti, Vaglietti